000 00862nas a2200289 4500
001 BR9900334
003 BR-BrBNA
005 20231205101203.0
007 ta
008 230509b bl.|||p| |||| 00| 00por d
040 _aBR-BrBNA
_bpor
_cBiblioteca Nacional de Agricultura
041 _a(Pt)
072 _aL53
100 1 _aSilveira, P.R.S. da
100 1 _aFernandes, L.C.O.
100 1 _aMorais Filho, J.C. de
100 1 _aBarioni Junior, W.
245 1 _aEfeito da vitamina A no desempenho reprodutivo de porcas
650 _aSUÍNO
650 _aReproducao Animal
650 _aVitamina A
650 _aOvulacao
650 _aEficiencia Reprodutiva
773 0 _tRevista Brasileira de Zootecnia (Brazil)
_xISSN 0100-4859
_g(Jul-Aug 1998), v. 27(4) p. 743-748
_wBR9900334
909 _a202311
_bLúcia
_c55
_dLúcia Elande
942 _2AGRIS
_n0
_cANA
999 _c160307
_d160307